000 00970cab a2200373 4500
001 ABS59439
008 090401t1998 xxu||||| |||| 00| 0 eng d
035 _a(Sirsi) u89270
041 _aeng
100 _aCook, A.
245 _aExtended shelf-life
260 _c1998
350 _a0
490 _aBuilding
_v263(8059) 9 October 1998, 56-59(4)
520 _aGuide to the development plans of the UK`s top ten food retailers.
650 _aASDA
650 _aBUDGENS
650 _aCO-OPERATIVE WHOLESALE SOCIETY
650 _aDEVELOPMENT PLANS
650 _aFOOD RETAILERS
650 _aJ SAINSBURY
650 _aMARKS AND SPENCER
650 _aMORRISON
650 _aProcurement-old
650 _aSAFEWAY
650 _aSOMERFIELD
650 _aTESCO
650 _aWAITROSE
650 _aWORKLOAD EXPECTATIONS
690 _aPROPERTY-COMMERCIAL PROPERTY-RETAIL PROPERTY
700 _aRoberts, C.
942 _n0
948 _c23/10/1998
999 _c56456
_d56456